Normal view
MARC view
Entry Personal Name
001 - CONTROL NUMBER
- control field: 281172
003 - CONTROL NUMBER IDENTIFIER
- control field:
005 - DATE AND TIME OF LATEST TRANSACTION
- control field: 20210601211803.0
008 - FIXED-LENGTH DATA ELEMENTS
- fixed length control field: 210601|| aca||aabn | a|a d
040 ## - CATALOGING SOURCE
- Original cataloging agency:
- Transcribing agency:
100 ## - HEADING--PERSONAL NAME
- Personal name: Barrie, J. M.
- Fuller form of name: (James Matthew),
- Dates associated with a name: 1860-1937
- General subdivision: Correspondence
670 ## - SOURCE DATA FOUND
- Source citation: Work cat.: (): Barrie, J. M. (James Matthew), 1860-1937 178450, Letters of J. M. Barrie /, 1942
